Statistics for Beers of the world

Click here to take the quiz!

General Stats

  • This quiz has been taken 43 times
  • The average score is 6 of 15

Answer Stats

HintAnswer% Correct
AsahiJapan
95%
CarlsbergDenmark
85%
KingfisherIndia
73%
Red StripeJamaica
71%
Snow BeerChina
68%
BintangIndonesia
46%
BeerlaoLaos
46%
HiteSouth Korea
46%
RingnesNorway
37%
UrsusRomania
24%
TuskerKenya
17%
Cerveza PolarVenezuela
12%
GoldstarIsrael
10%
St George lagerEthiopia
5%
Three HorsesMadagascar
5%

Score Distribution

Percentile by Number Answered

Percent of People with Each Score

Your Score History

You have not taken this quiz